Passive voice and indirect speech at a glance/ (Record no. 194015)

MARC details
000 -LEADER
fixed length control field 00562nam a22001817a 4500
005 - DATE AND TIME OF LATEST TRANSACTION
control field 20221202143646.0
010 ## - LCCN (DPL NO)
LC control number ENG-135762
020 ## - INTERNATIONAL STANDARD BOOK NUMBER
International Standard Book Number 9788189677160
Terms of availability 200.00
035 ## - SYSTEM CONTROL NUMBER
System control number EN-119294
037 ## - SOURCE OF ACQUISITION
Source of stock number/acquisition DBAD/PUB
082 ## - DEWEY DECIMAL CLASSIFICATION NUMBER
Classification number 485
100 ## - MAIN ENTRY--PERSONAL NAME
Personal name Varma, Ravi S.
245 ## - TITLE STATEMENT
Title Passive voice and indirect speech at a glance/
Statement of responsibility, etc by Ravi S. Varma
260 ## - PUBLICATION, DISTRIBUTION, ETC. (IMPRINT)
Place of publication, distribution, etc Jaipur
Name of publisher, distributor, etc Pustak bhawan
Date of publication, distribution, etc 2017
270 ## - ADDRESS
Address 307, Gali papliyan, lalji sand ka rasta chaura rasta
City Rajasthan
Postal code 3
Telephone number 09649878185
300 ## - PHYSICAL DESCRIPTION
Extent 80 p.
Dimensions 22cm(hbk)
942 ## - ADDED ENTRY ELEMENTS (KOHA)
Source of classification or shelving scheme Dewey Decimal Classification
Item type English Books
Call number suffix VAR
Classification part 485
Holdings
Withdrawn status Lost status Not for loan Collection code Home library Current library Date acquired Source of acquisition Cost, normal purchase price Full call number Barcode Copy number Cost, replacement price Koha item type
      Non-fiction R.K.Puram-8 R.K.Puram-8 02/12/2022 DBAD/PUB 200.00 485 VAR EN-119294 1 200.00 English Books

© Delhi Public Library
Hit Counter
free hit counter